Paula

Zapisane w:
Opis bibliograficzny
1. autor: Allende, Isabel, 1942- (autora)
Format: Książka
Język:hiszpański
Wydane: Buenos Aires Sudamericana 2002
Wydanie:2a. ed
Seria:Pocket
Hasła przedmiotowe:
Etykiety: Dodaj etykietę
Nie ma etykietki, Dołącz pierwszą etykiete!

MARC

LEADER 00000nam a2200000 a 4500
001 UCL3297
003 CL-VaPUC
008 031121e20020000AG |||||||||||||||||spa|d
020 |a 9500717662 
082 0 4 |a Ch863  |b ALL  |2 21 
100 |a Allende, Isabel,  |d 1942-  |e autora  |9 318389 
245 1 0 |a Paula 
250 |a 2a. ed 
300 |a 366 p 
942 |c BK 
945 |d 20031121 00:00:00  |a cmena 
260 |a Buenos Aires  |b Sudamericana  |c 2002 
650 0 |a Novelas chilenas   |9 265425 
650 0 |a Literatura chilena   |9 308278 
583 |a last modification  |c 20031121 00:00:00  |k Rodrigo Vera 
490 0 |a Pocket 
999 |c 306409  |d 306407